Elements of accessorial modes of liability (Registro nro. 240319)

Detalles MARC
000 -ENCABEZADO
Número de control [NR] 01057cam a2200265Ma 4500
005 - FECHA Y HORA DE LA ÚLTIMA TRANSACCIÓN
control field 20140903175048.0
008 - DE LONGITUD FIJA DE DATOS DE ELEMENTOS - INFORMACIÓN GENERAL
Elementos de longitud fija [NR] 140521s2012 xxu frb 001 0 eng d
020 ## - NUMERO INTERNACIONAL NORMALIZADO PARA LIBROS [R]
Número Internacional Normalizado del libro [NR] 9789004228078
040 ## - FUENTE DE CATALOGACION [NR]
Agencia de catalogación original [NR] CO-BoUCM
Idioma de catalogación [NR] spa
Quien Cataloga Jose A. Gerena
Quien Clasifica Jose A. Gerena
041 ## - CODIGO DE IDIOMA [R]
Código de idioma para texto/pista de sonido o título separado [R] Inglés
100 1# - ASIENTO PRINCIPAL--NOMBRE PERSONAL [NR]
Nombre personal [NR] Finnin, Sarah
ID Autoridad 61428
245 10 - MENCION DE TITULO [NR]
Título [NR] Elements of accessorial modes of liability
Parte restante del título [NR] Article 25 (3)(b) and (c) of the Rome Statute of the International Criminal Court
Mención de responsabilidad, etc. [NR] Sarah Finnin
260 ## - PUBLICACION, DISTRIBUCION, ETC. (PIE DE IMPRENTA) [R]
Lugar de publicación, distribución, etc. [R] Leiden (Boston, Massachusetts)
Nombre del editor, distribuidor, etc. [R] Martinus Nijhoff publishers
Fecha de publicación, distribución, etc. [R] 2012
300 ## - DESCRIPCION FISICA [R]
Extensión [R] xxxiv, 234 páginas
490 0# - MENCION DE SERIE [R]
Mención de serie [R] International humanitarian law series
Designación numérica/secuencial del volumen [NR] 38
504 ## - NOTA DE BIBLIOGRAFIA, ETC. [R]
Nota de bibliografía, etc. [NR] Incluye referencias bibliográficas e índices
610 2# - ASIENTO SECUNDARIO DE MATERIA - NOMBRE CORPORATIVO [R]
Nombre corporativo o nombre de la jurisdicción como elemento de entrada [NR] Corte Penal Internacional
9 (RLIN) 4164
630 #4 - ASIENTO SECUNDARIO DE MATERIA - TITULO UNIFORME [R]
Título uniforme [NR] Estatuto de Roma
9 (RLIN) 5018
650 #7 - ASIENTO SECUNDARIO DE MATERIA - TERMINO TEMATICO [R]
Término temático o nombre geográfico como elemento de entrada [NR] Corte Penal Internacional
9 (RLIN) 4164
650 #7 - ASIENTO SECUNDARIO DE MATERIA - TERMINO TEMATICO [R]
Término temático o nombre geográfico como elemento de entrada [NR] Responsabilidad penal
9 (RLIN) 23684
650 #7 - ASIENTO SECUNDARIO DE MATERIA - TERMINO TEMATICO [R]
Término temático o nombre geográfico como elemento de entrada [NR] Tribunales penales internacionales
9 (RLIN) 25884
690 ## - ASUNTO AGREGADO LOCAL DE ENTRADA - TÉRMINO TEMÁTICO (OCLC, RLIN)
9 (RLIN) 42778
Acceso temático local Derecho penal
942 ## - ELEMENTOS DE ENTRADA AGREGADOS (KOHA)
Tema principal Derecho
Tipo de ítem principal el descrito en 300a Libro
Edición 1
Parte restante de la signatura top. F514e
Sistema de clasificación DEWEY
Clasificación 345.01
Existencias
Signatura topográfica Código de barras Última vez visto Ejemplar Costo de reposición Price effective from Tipo de ítem Perdido Sistema de clasificación Dañado No prestable Tipo de ítem específico Suprimido Ubicación habitual Ubicación actual Localización Fecha de creación Proveedor Forma de adquisición Costo
345.01 F514e 100141928 06/06/2024 Ej.1 436444.00 14/05/2014 Libro   DEWEY     Libro   Bodega Bodega 3er piso 14/05/2014 37 Compra 436444.00